| 000 | 00893nam0a2200265 4500 | ||
|---|---|---|---|
| 001 | RU\NLR\bibl\1072430 | ||
| 005 | 20260406121258.0 | ||
| 010 |
_a978-5-699-11403-0 _96000 |
||
| 021 |
_aRU _b2007-13411 _9716 |
||
| 035 | _a(NLR Aleph) 001059655 | ||
| 090 |
_a930447 _c930447 |
||
| 100 | _a20070412d2007 |||y0rusy50 ca | ||
| 101 | 0 | _arus | |
| 102 | _aRU | ||
| 105 | _ay ||||||||| | ||
| 200 | 1 |
_aИмя потерпевшего - никто _e[повесть] _fАлександра Маринина |
|
| 210 |
_aМосква _cЭксмо _d2007 |
||
| 215 |
_a316,[1] с. _d17 |
||
| 320 | _aНа 2-й с. др. произведения авт. | ||
| 700 | 1 |
_4070 _8rus _7ca _aМаринина _bА. Б. _gАлександра Борисовна _f1957- _3RU\NLR\auth\77515 _9110564 |
|
| 801 | 0 |
_aRU _bNLR _c20070412 _gRCR |
|
| 801 | 1 |
_aRU _bNLR _c20070412 |
|
| 942 | _cBOOK | ||
| 980 | _aNB | ||